Klasyczne filmy według plakatów filmowych - Statystyki

Ogólne statystyki
  • Ten quiz został rozwiązany 1 510 razy
  • Średni wynik to 6 z 18
Statystyki odpowiedzi
Obrazkowy Odpowiedź % Poprawnych
King Kong
87%
Tarzan
82%
Kleopatra
72%
Czarnoksiężnik z Krainy Oz
54%
Taksówkarz
54%
Drakula
53%
Przeminęło z wiatrem
43%
Casablanca
41%
Psychoza
29%
Lawrence z Arabii
25%
Spartakus
25%
Okno na podwórze
16%
Zawrót głowy
11%
Piotruś Pan
8%
Północ, północny zachód
8%
Skrzydła
5%
Rodzice, miejcie się na baczności
4%
Zwierciadło życia
4%
Nie znaleziono quizów pasujących do podanych kryteriów
Rozkład punktacji
Procent ludzi z każdym wynikiem
Percentyl według liczby udzielonych odpowiedzi
Twoja historia wyników
Nie rozwiązałeś tego quizu